Cromosfera y corona / (Record no. 175123)

MARC details
000 -LEADER
campo de control de longitud fija 00741nam a22002175i 4500
001 - NÚMERO DE CONTROL
campo de control 175123
003 - IDENTIFICADOR DE NÚMERO DE CONTROL
campo de control ES-MaACL
005 - FECHA Y HORA DE LA ÚLTIMA TRANSACCIÓN
campo de control 20250815103929.0
008 - DATOS DE LONGITUD FIJA--INFORMACIÓN GENERAL
campo de control de longitud fija 101006s1955 sp f |||| | spa d
080 ## - NÚMERO DE LA CLASIFICACIÓN DECIMAL UNIVERSAL
Número de la Clasificación Decimal Universal 523.9
100 0# - ENTRADA PRINCIPAL--NOMBRE DE PERSONA
Nombre de persona Jiménez-Landi Martínez, Pedro.
9 (RLIN) 143419
245 10 - MENCIÓN DEL TÍTULO
Título Cromosfera y corona /
Mención de responsabilidad, etc. por Pedro Jiménez Landi.
260 ## - PUBLICACIÓN, DISTRIBUCIÓN, ETC.
Lugar de publicación, distribución, etc. [Madrid] :
Nombre del editor, distribuidor, etc. Instituto "Daza de Valdés" de Óptica,
Fecha de publicación, distribución, etc. 1955.
300 ## - DESCRIPCIÓN FÍSICA
Extensión 97 p., [16] h. de lám. ;
Dimensiones 25 cm.
490 1# - MENCIÓN DE SERIE
Mención de serie Monografías de ciencia moderna ;
Designación de volumen o secuencia 47
650 #4 - PUNTO DE ACCESO ADICIONAL DE MATERIA--TÉRMINO DE MATERIA
Término de materia o nombre geográfico como elemento de entrada Sol.
9 (RLIN) 188781
710 2# - ENTRADA AGREGADA--NOMBRE DE ENTIDAD CORPORATIVA
Nombre de entidad corporativa o nombre de jurisdicción como elemento de entrada Instituto de Óptica "Daza de Valdés"
9 (RLIN) 143420
830 0# - PUNTO DE ACCESO ADICIONAL DE SERIE-TÍTULO UNIFORME
Título uniforme Monografías de ciencia moderna
Designación de volumen o secuencia 47
9 (RLIN) 189470
852 ## - LOCALIZACIÓN
Ubicación ES-MaACL
Número de control de estantería E-13312
Encuadernación Olim P-555 bis
Holdings
Estatus retirado Estado de pérdida Estado de daño No para préstamo Biblioteca de origen Biblioteca actual Ubicación en estantería Fecha de adquisición Fuente de adquisición Total de préstamos Signatura topográfica completa Código de barras Visto por última vez Precio de reemplazo Tipo de ítem Koha
        Biblioteca del Ateneo de Madrid Biblioteca del Ateneo de Madrid Depósito 2 06/10/2010     E-13312 1183882 23/02/2023 23/02/2023 Libro impreso